Vista normal
Vista MARC
Entrada Personal Name
Número de registros utilizados en: 1
001 - CONTROL NUMBER
- control field: 10518
003 - CONTROL NUMBER IDENTIFIER
- control field: DLC
005 - DATE AND TIME OF LATEST TRANSACTION
- control field: 20210601080345.0
008 - FIXED-LENGTH DATA ELEMENTS
- fixed length control field: 980917n| acannaab| |a aaa |||
010 ## - LIBRARY OF CONGRESS CONTROL NUMBER
- LC control number: n 98084040
040 ## - CATALOGING SOURCE
- Original cataloging agency: DLC
- Transcribing agency: Mx-PuUPA
- Modifying agency: DLC
- Modifying agency: Mx-PuUPA
- Language of cataloging: spa
- Description conventions: rda
100 10 - HEADING--PERSONAL NAME
- Personal name: Harmon, Paul,
- Dates associated with a name: 1942-
372 ## - FIELD OF ACTIVITY
- Field of activity: Cambio organizacional
- Field of activity: Business process
373 ## - ASSOCIATED GROUP
- Associated group: Tendencias de los procesos comerciales
374 ## - OCCUPATION
- Occupation: Autor
- Occupation: Editor ejecutivo
375 ## - GENDER
- Gender: hombre
377 ## - ASSOCIATED LANGUAGE
- Language code: eng
400 10 - SEE FROM TRACING--PERSONAL NAME
- Personal name: Harmon, N. Paul,
- Dates associated with a name: 1942-
670 ## - SOURCE DATA FOUND
- Source citation: His Expert systems, c1985:
- Information found: CIP t.p. (Paul Harmon) pub. info. (N. Paul Harmon; management consultant, owner, harmon Assoc., San Francisco, CA; has co-authored books on applied psychology, accounting, ecology, music theory and the evaluation of energy educ. curricula)
670 ## - SOURCE DATA FOUND
- Source citation: Phone call to P. Harmon, 12/3/84:
- Information found: (Paul Harmon; b. 8/8/42; has written under N. Paul Harmon and Paul Harmon); "N" stands for Norman; now only uses Paul Harmon; also author of Climbing routes on Yosemite's walls)
670 ## - SOURCE DATA FOUND
- Source citation: Business process change: A business process management guide for managers and process profesionals, 2019:
- Information found: t.p. (Paul Harmon) of cover
670 ## - SOURCE DATA FOUND
- Source citation: Biblioteca del congreso (Estados Unidos), 06 febrero 2020:
- Information found: Catálogo electrónico
- Uniform Resource Identifier: http://bit.ly/2UvwOEZ